| 000 | 00429nam a2200181Ia 4500 | ||
|---|---|---|---|
| 005 | 20240823030637.0 | ||
| 008 | 240823s9999||||xx |||||||||||||| ||und|| | ||
| 041 | _aENGLISH | ||
| 082 | _A621.3 N3 | ||
| 100 | _aBhatia S L | ||
| 245 | 0 | _aHandbook of Electrical Engineering | |
| 250 | _a5th | ||
| 260 |
_c1993 _b"Khanna,Delhi" |
||
| 500 | _aTRANSFERED | ||
| 650 |
_aElectrical _bElectrical |
||
| 942 | _cBK | ||
| 999 |
_c189184 _d189184 |
||